000 00535nam a22001937a 4500
003 NUST
005 20230912103030.0
008 190719b ||||| |||| 00| 0 eng d
038 _aAttaullah.
082 _a658
100 _aHassan, Faisal
_918178
245 _aAre We becoming South Korea of 1997-98?
_cFaisal Hassan.
260 _aIslamabad :
_bNBS - NUST,
_c2016.
300 _a35 p. : ill. ;
_c30cm.
500 _aHard Cover.
650 _aMBA Thesis.
_917629
700 _aDr. Syed Haroon Rashid.
_918033
942 _2ddc
_cTHE
999 _c527084
_d527084